Classical dynamics : a contemporary approach /
Guardado en:
| Autor Principal: | |
|---|---|
| Otros Autores: | |
| Formato: | Libro |
| Idioma: | English |
| Publicado: |
Cambridge [England] ; New York :
Cambridge University Press,
1998.
|
| Materias: | |
| Acceso en línea: | Publisher description |
| Etiquetas: |
Agregar Etiqueta
Sin Etiquetas, Sea el primero en etiquetar este registro!
|
| LEADER | 01248cam a2200241 a 4500 | ||
|---|---|---|---|
| 001 | MAT.inmabb006840 | ||
| 008 | 971107s1998####enka#####b####001#0#eng## | ||
| 005 | 20140313142039.0 | ||
| 245 | 1 | 0 | |a Classical dynamics : |b a contemporary approach / |c Jorge V. José and Eugene J. Saletan. |
| 260 | |a Cambridge [England] ; |a New York : |b Cambridge University Press, |c 1998. | ||
| 300 | |a xxv, 670 p. : |b il. ; |c 27 cm. | ||
| 504 | |a Incluye referencias bibliográficas (p. [656]-662) e índice. | ||
| 505 | 0 | |a 1. Fundamentals of mechanics -- 2. Lagrangian formulation of mechanics -- 3. Topics in Lagrangian dynamics -- 4. Scattering and linear oscillations -- 5. Hamiltonian formulation of mechanics -- 6. Topics in Hamiltonian dynamics -- 7. Nonlinear dynamics -- 8. Rigid bodies -- 9. Continuum dynamics. | |
| 510 | 4 | |a MR, |c 99g:70001 | |
| 020 | |a 0521631769 (hbk.) | ||
| 100 | 1 | |a José, Jorge V. |q (Jorge Valenzuela) |d 1949- | |
| 700 | 1 | |a Saletan, Eugene J. |q (Eugene Jerome), |d 1924- | |
| 650 | 0 | |a Mechanics, Analytic. | |
| 084 | |a 70-02 (58F05 58F27 70-01 70Fxx 70Hxx) |2 MR | ||
| 010 | |a 97043733 | ||
| 040 | |a DLC |c DLC |d DLC | ||
| 856 | 4 | 2 | |3 Publisher description |u http://www.loc.gov/catdir/description/cam028/97043733.html |
| 859 | |h 70 |i J83 |p A-8867 |b BIB. MATEMATICA | ||
